A history of the Greek world from 323 to 146

Sparad:
Bibliografiska uppgifter
Huvudupphovsman: Cary, M (Författare, medförfattare)
Materialtyp: Bok
Språk:engelska
Publicerad: Londres Methuen 1963
Serie:Methuen's History of the Greek and Roman World, 3
Ämnen:
Taggar: Lägg till en tagg
Inga taggar, Lägg till första taggen!

MARC

LEADER 00000nam a2200000 a 4500
001 UCP9480
003 CL-VaPUC
008 000324e19630000UK |||||||||||||||||eng|d
082 0 4 |a 938.08  |b CAR  |2 21 
100 0 |a Cary, M  |e author  |9 440083 
245 1 2 |a A history of the Greek world from 323 to 146 
300 |a 446 p 
942 |c BK 
945 |d 20000324 00:00:00  |a rherrera 
260 |a Londres  |b Methuen   |c 1963 
600 0 |a Magno, Alejandro  |9 318232 
650 0 |a Historia antigua  |9 267521 
650 0 |a Helenismo  |9 267485 
650 7 |a DINASTIAS  |2 CL-VaPUC  |9 389767 
650 7 |a INVASIONES  |2 CL-VaPUC  |9 392362 
650 0 |a Monarquía   |9 255259 
650 0 |a Religión griega  |9 440084 
650 0 |a Arte griego  |9 267884 
650 7 |a LITERATURA GRIEGA  |2 CL-VaPUC  |9 258054 
650 0 |a Ciudades  |9 265474 
650 0 |a Filosofía griega  |9 265579 
651 7 |a MACEDONIA  |2 CL-VaPUC  |9 400582 
651 0 |a Grecia  |9 265314 
651 0 |a Egipto   |9 268199 
651 0 |a Roma   |9 255106 
651 0 |a Esparta  |9 334568 
583 |a last modification  |c 20180403 04:19:43  |k Rodrigo Vera 
490 0 |a Methuen's History of the Greek and Roman World, 3 
999 |c 286292  |d 286290 
952 |0 0  |1 0  |4 0  |6 938_080000000000000_CAR_1963  |7 0  |8 A  |9 331825  |a BIBHIS  |b BIBHIS  |d 2019-11-20  |i 1260553  |o 938.08 CAR 1963  |p 1260553  |r 2025-01-20  |w 2019-11-20  |y BK  |k HIS